| 000 | 00726nam a2200193Ia 4500 | ||
|---|---|---|---|
| 003 | GCL | ||
| 008 | 140319s9999 xx 000 0 ara d | ||
| 040 |
_aGCL / _cGCL |
||
| 082 | 0 | 4 |
_a150.5 _bر د |
| 100 | 1 | _aرابطة الاخصائيين النفسيين | |
| 245 | 1 | 0 |
_aدراسات نفسية : دورية علمية سيكولوجية ربع سنوية محكمة / _cرابطة الاخصائيين النفسيين |
| 260 |
_aالقاهرة : _bرابطة الاخصائيين النفسيين( رانم ) ، _c1994 |
||
| 300 |
_a7 مج ؛ _c24 سم |
||
| 490 | _a | ||
| 650 | 0 | 4 | _aعلم النفس |
| 650 | 0 | 4 | _aعلم النفس - دراسة |
| 650 | 0 | 4 | _aعلم النفس - دوريات |
| 942 |
_2ddc _cBK |
||
| 999 |
_c39852 _d39852 |
||